Statistics for Countries Bordering Serbia

Click here to take the quiz!

General Stats

  • This quiz has been taken 22 times
  • The average score is 8 of 8

Answers on the Map

Answers color-coded by a green-red scale on the quiz's map according to % correct below.
 

Answer Stats

Answer% Correct
Bulgaria
100%
North Macedonia
100%
Romania
100%
Bosnia and Herzegovina
95%
Croatia
95%
Hungary
95%
Kosovo
95%
Montenegro
89%

Score Distribution

Percentile by Number Answered

Percent of People with Each Score

Your Score History

You have not taken this quiz